[Event "*FAST* tourney"]
[Site "SchemingMind.com"]
[Date "2006.08.25"]
[Round "-"]
[White "buzzardhawk"]
[Black "TheRa7en"]
[Result "0-1"]
[WhiteCountry "ENG"]
[BlackCountry "AUS"]
[WhiteElo "1371"]
[WhiteRD "86"]
[BlackElo "1312"]
[BlackRD "61"]
[GameID "65160"]

1. e4 e5 2. Nf3 Nc6 3. d4 Nf6 4. d5 Nb4 5. Nc3 d6 6. Bb5+ Bd7 7. a3 Bxb5 8. Nxb5 Na6 9. Be3 Nxe4 10. Nxa7 Qd7
11. Qd3 Nec5 12. Bxc5 Nxc5 13. Qe3 Rxa7 14. b4 Na6 15. Qxa7 Be7 16. Qxb7 Nc5 17. bxc5 O-O 18. c6 Qf5 19. c4 Qe4+ 20. Kf1 Qxc4+
21. Kg1 Qxd5 22. Qxc7 Qe4 23. Qd7 Bd8 24. c7 Bxc7 25. Qxc7 Qd3 26. Qd7 Qc3 27. Qxd6 Qxa1+
0-1

[Event "*FAST* tourney"]
[Site "SchemingMind.com"]
[Date "2006.08.28"]
[Round "-"]
[White "TheRa7en"]
[Black "buzzardhawk"]
[Result "0-1"]
[WhiteCountry "AUS"]
[BlackCountry "ENG"]
[WhiteElo "1312"]
[WhiteRD "61"]
[BlackElo "1371"]
[BlackRD "86"]
[GameID "65161"]

1. e4 e5 2. Nf3 d6 3. Nc3 Nf6 4. d4 Qe7 5. d5 Nbd7 6. Nb5 Qd8 7. Bd3 Nc5 8. Be3 Nxd3+ 9. Qxd3 a6 10. Qa3 Ng4
11. h3 Nxe3 12. Qxe3 axb5 13. O-O-O Rxa2 14. Kb1 Ra8 15. Ng5 f6 16. Nf3 Qd7 17. Nd2 b4 18. g4 Qa4 19. f4 Qa1#
0-1

[Event "*FAST* tourney"]
[Site "SchemingMind.com"]
[Date "2006.08.26"]
[Round "-"]
[White "Mitchell-in"]
[Black "TheRa7en"]
[Result "1-0"]
[WhiteCountry "ENG"]
[BlackCountry "AUS"]
[WhiteElo "1592"]
[WhiteRD "65"]
[BlackElo "1312"]
[BlackRD "61"]
[GameID "65295"]

1. e4 e5 2. Nf3 Nc6 3. Bc4 Nf6 4. d4 d5 5. exd5 exd4 6. Ng5 Ne5 7. Qxd4 Nxc4 8. Qxc4 Nxd5 9. Nc3 Bb4 10. O-O Bxc3
11. bxc3 Bf5 12. Re1+ Be6 13. Nxe6 fxe6 14. Rxe6+ Kf8 15. Ba3+ Ne7 16. Bxe7+ Qxe7 17. Rxe7 Kxe7 18. Qxc7+ Kf8 19. Qxb7 Re8 20. Qxa7 Kg8
21. g3 h6 22. c4 Kh7 23. c5 Re6 24. Qf7 Rf6 25. Qd5 Rhf8 26. f4 Re8 27. c6 Rfe6 28. a4 Re2 29. c4 Rc2 30. Qd3+ g6
31. Qxc2 h5 32. Qd3
1-0

[Event "*FAST* tourney"]
[Site "SchemingMind.com"]
[Date "2006.08.26"]
[Round "-"]
[White "Mitchell-in"]
[Black "buzzardhawk"]
[Result "1-0"]
[WhiteCountry "ENG"]
[BlackCountry "ENG"]
[WhiteElo "1592"]
[WhiteRD "65"]
[BlackElo "1371"]
[BlackRD "86"]
[GameID "65296"]

1. e4 e5 2. Nf3 d6 3. Bc4 Nf6 4. Nc3 c6 5. d4 exd4 6. Nxd4 d5 7. exd5 cxd5 8. Bb3 Qe7+ 9. Be3 Qd7 10. O-O Nc6
11. Nxc6 bxc6 12. Re1 Bd6 13. Bxa7+ Be7 14. Bc5 Qc7 15. Rxe7+ Qxe7 16. Bxe7 Kxe7 17. Qe2+ Be6 18. f4 Kf8 19. Re1 Bg4 20. Qe7+ Kg8
21. h3 Re8 22. Qxe8+
1-0

[Event "*FAST* tourney"]
[Site "SchemingMind.com"]
[Date "2006.08.28"]
[Round "-"]
[White "TheRa7en"]
[Black "Mitchell-in"]
[Result "1-0"]
[WhiteCountry "AUS"]
[BlackCountry "ENG"]
[WhiteElo "1434"]
[WhiteRD "64"]
[BlackElo "1552"]
[BlackRD "65"]
[GameID "65297"]

1. e4 c5 2. Nf3 Nc6 3. e5 Qc7 4. Qe2 e6 5. g3 Nge7 6. Bg2 Ng6 7. O-O Ngxe5 8. Nxe5 Nxe5 9. c4 Be7 10. Nc3 O-O
11. Nb5 Qb8 12. b3 a6 13. Nc3 Ng6 14. Bb2 d6 15. d3 Bd7 16. Na4 Bxa4 17. Qg4 Bd7 18. d4 Qc7 19. f4 e5 20. Qh5 exd4
21. Be4 f5 22. Bd3 b5 23. g4 fxg4 24. Bxg6 hxg6 25. Qxg6 Rf6 26. Qh5 Rh6 27. Qd5+ Be6 28. Qxa8+ Kf7 29. Bc1 bxc4 30. f5 Bxf5
31. Rxf5+ Kg6 32. Bxh6 Kxf5 33. Rf1+ Kg6 34. Bd2 c3 35. Qe8+ Kh7 36. Qh5+ Kg8 37. Qf7+ Kh8 38. Bh6 gxh6 39. Qe8+ Kg7 40. Rf7+
1-0

[Event "*FAST* tourney"]
[Site "SchemingMind.com"]
[Date "2006.08.26"]
[Round "-"]
[White "buzzardhawk"]
[Black "Mitchell-in"]
[Result "0-1"]
[WhiteCountry "ENG"]
[BlackCountry "ENG"]
[WhiteElo "1251"]
[WhiteRD "81"]
[BlackElo "1552"]
[BlackRD "65"]
[GameID "65298"]

1. e4 c5 2. e5 Nc6 3. Nf3 d6 4. exd6 exd6 5. d4 cxd4 6. Nxd4 Nf6 7. Bb5 Bd7 8. O-O Nxd4 9. Bxd7+ Qxd7 10. Qxd4 Be7
11. Nc3 O-O 12. f4 Rfc8 13. Be3 b6 14. Nd5 Nxd5 15. Qxd5 Qc6 16. Qd4 Bf6 17. Qd3 Qxc2 18. Qa3 Be7 19. Rfc1 Qf5 20. Rc3 Rxc3
21. Qxc3 Rc8 22. Qa3 Qd7 23. Rc1 Rxc1+ 24. Bxc1 d5 25. Qg3 Bc5+ 26. Be3 Bxe3+ 27. Qxe3 Kf8 28. Qd3 g6 29. Qd4 Ke7 30. h3 Qf5
31. Qe3+ Qe4 32. Qa3+ Kf6 33. Qc3+ d4 34. Qf3 Qxf3 35. gxf3 Kf5
0-1

[Event "*FAST* tourney"]
[Site "SchemingMind.com"]
[Date "2006.09.01"]
[Round "-"]
[White "cnbcad"]
[Black "Mitchell-in"]
[Result "1-0"]
[WhiteCountry "USA"]
[BlackCountry "ENG"]
[WhiteElo "1484"]
[WhiteRD "60"]
[BlackElo "1552"]
[BlackRD "65"]
[GameID "66121"]

1. e4 c5 2. f4 Nc6 3. Nf3 g6 4. Bb5 Bg7 5. Bxc6 dxc6 6. d3 Nf6 7. Be3 b6 8. c3 Ng4 9. Qe2 Nxe3 10. Qxe3 O-O
11. Nbd2 Ba6 12. c4 Bxb2 13. Rb1 Bg7 14. g4 e6 15. h4 f5 16. gxf5 exf5 17. Kf2 fxe4 18. Nxe4 Bd4 19. Nxd4 Qxd4 20. Qxd4 cxd4
21. Kf3 c5 22. Rhg1 Kg7 23. Ng5
1-0

[Event "*FAST* tourney"]
[Site "SchemingMind.com"]
[Date "2006.09.01"]
[Round "-"]
[White "cnbcad"]
[Black "TheRa7en"]
[Result "1-0"]
[WhiteCountry "USA"]
[BlackCountry "AUS"]
[WhiteElo "1329"]
[WhiteRD "71"]
[BlackElo "1312"]
[BlackRD "61"]
[GameID "66122"]

1. e4 e5 2. Nf3 Nc6 3. Bc4 Nf6 4. Ng5 d5 5. exd5 Nxd5 6. d4 Be6 7. O-O Nxd4 8. Re1 Qf6 9. c3 Nc6 10. Bxd5 O-O-O
11. c4 Bc5 12. Qf3 Bg4 13. Qxf6 gxf6 14. Nxf7 Nd4 15. Nxd8 Nc2 16. Ne6 Nxe1 17. Nc3 Bf5 18. Bd2 Nd3 19. a3 Bxf2+ 20. Kf1 Bd4
21. b4 Rg8 22. Nxd4 exd4 23. Bxg8 dxc3 24. Bxc3 Nf4 25. Bxf6
1-0

[Event "*FAST* tourney"]
[Site "SchemingMind.com"]
[Date "2006.09.01"]
[Round "-"]
[White "cnbcad"]
[Black "buzzardhawk"]
[Result "1-0"]
[WhiteCountry "USA"]
[BlackCountry "ENG"]
[WhiteElo "1429"]
[WhiteRD "64"]
[BlackElo "1267"]
[BlackRD "80"]
[GameID "66123"]

1. e4 e5 2. Nf3 Nc6 3. Bc4 d6 4. d4 Qf6 5. d5 Nd4 6. Nxd4 exd4 7. b3 d3 8. Qxd3 Qxa1 9. c3 Qxa2 10. Na3 Nf6
11. b4 Qa1 12. O-O h6 13. Qc2 Bd7 14. Bb2 Qxf1+ 15. Kxf1 O-O-O 16. b5 Re8 17. b6 cxb6 18. Bb5 Bxb5+ 19. Nxb5
1-0

[Event "*FAST* tourney"]
[Site "SchemingMind.com"]
[Date "2006.09.01"]
[Round "-"]
[White "Mitchell-in"]
[Black "cnbcad"]
[Result "0-1"]
[WhiteCountry "ENG"]
[BlackCountry "USA"]
[WhiteElo "1552"]
[WhiteRD "65"]
[BlackElo "1484"]
[BlackRD "60"]
[GameID "66124"]

1. e4 e5 2. Nf3 Nc6 3. Bc4 Nf6 4. d4 exd4 5. Ng5 d5 6. exd5 Nxd5 7. Nxf7 Kxf7 8. Qh5+ Ke6 9. Qg4+ Kd6 10. Qf3 Qe8+
11. Kd1 Be6 12. Re1 Ne5 13. Qg3 Qh5+ 14. f3 Kd7 15. Qxe5 Qxe5 16. Rxe5 Ne3+ 17. Bxe3 Bxc4 18. Bxd4 Rd8 19. Ke1 Bd6 20. Rh5 Rhe8+
21. Kf2 Re2+ 22. Kg1 Re1+ 23. Kf2 Rf1+ 24. Ke3 Re8+ 25. Kd2 Bb4+
0-1

[Event "*FAST* tourney"]
[Site "SchemingMind.com"]
[Date "2006.09.02"]
[Round "-"]
[White "TheRa7en"]
[Black "cnbcad"]
[Result "1-0"]
[WhiteCountry "AUS"]
[BlackCountry "USA"]
[WhiteElo "1312"]
[WhiteRD "61"]
[BlackElo "1329"]
[BlackRD "71"]
[GameID "66125"]

1. e4 e5 2. Nf3 Nc6 3. d4 exd4 4. Nxd4 Nxd4 5. Qxd4 c5 6. Qe5+ Qe7 7. Qf4 Nf6 8. Bc4 Nxe4 9. O-O d6 10. Re1 f5
11. Nc3 Qd8 12. b3 Be7 13. Bb2 g5 14. Qe3 a6 15. Nxe4 fxe4 16. Bxh8 Bf5 17. Bd5 Qc7 18. Bxe4 Bxe4 19. Qxe4 O-O-O 20. Qxh7 Kb8
21. Rxe7
1-0

[Event "*FAST* tourney"]
[Site "SchemingMind.com"]
[Date "2006.09.01"]
[Round "-"]
[White "buzzardhawk"]
[Black "cnbcad"]
[Result "0-1"]
[WhiteCountry "ENG"]
[BlackCountry "USA"]
[WhiteElo "1267"]
[WhiteRD "80"]
[BlackElo "1429"]
[BlackRD "64"]
[GameID "66126"]

1. e4 e5 2. Nf3 Nc6 3. Nc3 Bc5 4. a3 Nf6 5. b4 Bd4 6. Nxd4 Nxd4 7. Nd5 Nxe4 8. Qg4 Nxc2+ 9. Kd1 Nxf2+ 10. Kxc2 Nxg4
11. d3 d6 12. Bg5 Qxg5 13. Nxc7+ Ke7 14. Nxa8 Bf5 15. Be2 Ne3+ 16. Kb2 Rxa8 17. Rac1 Qxg2 18. Rhe1 Bxd3
0-1

[Event "*FAST* tourney"]
[Site "SchemingMind.com"]
[Date "2006.09.01"]
[Round "-"]
[White "marble"]
[Black "cnbcad"]
[Result "1-0"]
[WhiteCountry "ENG"]
[BlackCountry "USA"]
[WhiteElo "1635"]
[WhiteRD "63"]
[BlackElo "1329"]
[BlackRD "71"]
[GameID "66197"]

1. e4 e5 2. Nf3 Nc6 3. Bb5 Bc5 4. O-O a6 5. Ba4 Nf6 6. d3 Nd4 7. Bg5 h6 8. Bh4 b5 9. Bb3 d6 10. c3 Nxb3
11. axb3 Bg4 12. h3 Bh5 13. Re1 Qd7 14. d4 exd4 15. cxd4 Bb4 16. Re3 O-O-O 17. Rxa6 g5 18. Bg3 Qe6 19. e5 Nd5 20. Re4 f5
21. Re2 Bxf3 22. gxf3 Nf4 23. Bxf4 gxf4 24. exd6 Qg8+ 25. Kf1 Bxd6 26. Qc2 Qg6 27. Qc6
1-0

[Event "*FAST* tourney"]
[Site "SchemingMind.com"]
[Date "2006.09.01"]
[Round "-"]
[White "marble"]
[Black "Mitchell-in"]
[Result "1-0"]
[WhiteCountry "ENG"]
[BlackCountry "ENG"]
[WhiteElo "1601"]
[WhiteRD "58"]
[BlackElo "1579"]
[BlackRD "68"]
[GameID "66198"]

1. e4 c5 2. Nf3 Nc6 3. Bb5 g6 4. c3 Bg7 5. O-O Nf6 6. Re1 O-O 7. d4 cxd4 8. cxd4 a6 9. Bxc6 dxc6 10. h3 b5
11. e5 Nd5 12. Nc3 Nxc3 13. bxc3 f6 14. Bf4 fxe5 15. Bxe5 Bxe5 16. Nxe5 Bb7 17. Qb3+ Kg7 18. Ng4 Qd5 19. Qb4
1-0

[Event "*FAST* tourney"]
[Site "SchemingMind.com"]
[Date "2006.09.01"]
[Round "-"]
[White "marble"]
[Black "TheRa7en"]
[Result "1-0"]
[WhiteCountry "ENG"]
[BlackCountry "AUS"]
[WhiteElo "1635"]
[WhiteRD "63"]
[BlackElo "1312"]
[BlackRD "61"]
[GameID "66199"]

1. e4 c5 2. Nf3 Nc6 3. Bb5 e6 4. O-O d5 5. exd5 Qxd5 6. Nc3 Qd6 7. d3 Nf6 8. Re1 Be7 9. h3 O-O 10. Ng5 a6
11. Bc4 b5 12. Bb3 Na5 13. Nce4 Nxe4 14. Nxe4 Qd4 15. c3 Qe5 16. Bc2 Bb7 17. Ng5 Qc7 18. d4 c4 19. Bxh7+ Kh8 20. Qh5 g6
21. Bxg6+ Kg7 22. Nxe6+ Kf6 23. Qf5#
1-0

[Event "*FAST* tourney"]
[Site "SchemingMind.com"]
[Date "2006.09.01"]
[Round "-"]
[White "marble"]
[Black "buzzardhawk"]
[Result "1-0"]
[WhiteCountry "ENG"]
[BlackCountry "ENG"]
[WhiteElo "1635"]
[WhiteRD "63"]
[BlackElo "1371"]
[BlackRD "86"]
[GameID "66200"]

1. e4 e5 2. Nf3 Nc6 3. Bb5 Nf6 4. d3 a6 5. Ba4 b5 6. Bb3 Na5 7. Bg5 Nxb3 8. axb3 Be7 9. Nxe5 h6 10. Bh4 g5
11. Bg3 d6 12. Nf3 g4 13. Nfd2 Nh5 14. e5 Nxg3 15. hxg3 dxe5 16. f3 Bb7 17. Qe2 Qd4 18. c3 Qd5 19. Rh5 Bd6 20. Ne4 Be7
21. f4 Qxb3 22. Rxe5 f6 23. Nxf6+ Kd8 24. Rxe7 Rf8 25. Re8+
1-0

[Event "*FAST* tourney"]
[Site "SchemingMind.com"]
[Date "2006.09.01"]
[Round "-"]
[White "cnbcad"]
[Black "marble"]
[Result "1-0"]
[WhiteCountry "USA"]
[BlackCountry "ENG"]
[WhiteElo "1429"]
[WhiteRD "64"]
[BlackElo "1601"]
[BlackRD "58"]
[GameID "66201"]

1. e4 e5 2. Nf3 Nc6 3. Bc4 Bc5 4. c3 d6 5. b4 Bb6 6. a4 a6 7. a5 Ba7 8. d3 h6 9. O-O b5 10. Bd5 Bb7
11. Re1 Nf6 12. Be3 Nxd5 13. Bxa7 Nxc3 14. Nxc3 Rxa7 15. Rb1 O-O 16. Nd5 Ne7 17. Nxe7+ Qxe7 18. h3 Qf6 19. Qc1 Bc8 20. Qe3 Ra8
21. Rbc1 Qg6 22. g4 h5 23. Qg5 Qe6 24. Qxh5 Qg6 25. Qxg6 fxg6 26. Nh4 g5 27. Ng6 Rf3 28. Rxc7 Rf7 29. Ne7+ Kf8 30. Rxc8+ Rxc8
31. Nxc8 Rf3 32. Re3 Rf6 33. Nb6 Rf7 34. Re2 Rc7 35. Nd5 Rc1+ 36. Kg2 Rd1 37. Rc2 Rxd3 38. Rc6 Rd4 39. f3 Kf7 40. Rxa6 Rd2+
41. Kg1 Rd3 42. Kg2 Rd2+ 43. Kg3 Rd1 44. Rb6 Rg1+ 45. Kf2 Rh1 46. a6 Rxh3 47. a7 Rh2+ 48. Kg3 Ra2 49. Rb7+ Ke8 50. Nc7+ Kd7
51. a8=Q
1-0

[Event "*FAST* tourney"]
[Site "SchemingMind.com"]
[Date "2006.09.01"]
[Round "-"]
[White "Mitchell-in"]
[Black "marble"]
[Result "1-0"]
[WhiteCountry "ENG"]
[BlackCountry "ENG"]
[WhiteElo "1580"]
[WhiteRD "62"]
[BlackElo "1634"]
[BlackRD "61"]
[GameID "66202"]

1. e4 e5 2. Nf3 Nc6 3. Bc4 Bc5 4. Nc3 Nf6 5. d3 h6 6. h3 O-O 7. g4 b6 8. g5 hxg5 9. Bxg5 d6 10. Nd5 Be6
11. Nxf6+ gxf6 12. Bh6 f5 13. Bxf8 Kxf8 14. Bxe6 fxe6 15. Qe2 Ke7 16. O-O-O f4 17. Rdg1 Qh8 18. h4 d5 19. exd5 exd5 20. h5 Kd7
21. h6 Ne7 22. Nxe5+ Kc8 23. Nf7 Qf6 24. h7 Kb7 25. h8=Q Rxh8 26. Nxh8 Bd4 27. c3 f3 28. Qe1 Be5 29. d4 Bf4+ 30. Kb1 Nc6
31. Ng6 Bd6 32. Ne5 Na5 33. Rg6 Qf5+ 34. Ka1 Bxe5 35. Qxe5 Qxg6 36. Qxd5+ Ka6 37. Qxf3 Nc4 38. Qe2 b5 39. b3 Nd6 40. c4 bxc4
41. bxc4 c6 42. a4 c5 43. d5 Ne4 44. f3 Qf6+ 45. Qb2 Nc3 46. Rc1 Qxf3 47. Qxc3
1-0

[Event "*FAST* tourney"]
[Site "SchemingMind.com"]
[Date "2006.09.02"]
[Round "-"]
[White "TheRa7en"]
[Black "marble"]
[Result "0-1"]
[WhiteCountry "AUS"]
[BlackCountry "ENG"]
[WhiteElo "1312"]
[WhiteRD "61"]
[BlackElo "1635"]
[BlackRD "63"]
[GameID "66203"]

1. e4 e5 2. Nf3 Nc6 3. Bb5 a6 4. Bxc6 dxc6 5. Nxe5 Qd4 6. Nd3 Nf6 7. O-O Nxe4 8. Qe1 Be7 9. c3 Qd6 10. b4 Qxd3
11. f3 Nf6 12. Ba3 O-O 13. Qe5 Bd6 14. Qg5 h6 15. Qe3 Qg6 16. d4 Re8 17. Qc1 Bf5 18. Nd2 Re2 19. Rf2 Rxf2 20. Kxf2 Re8
21. Nc4 Bxh2 22. Ne3 Qg3+ 23. Kf1 Bd3#
0-1

[Event "*FAST* tourney"]
[Site "SchemingMind.com"]
[Date "2006.09.01"]
[Round "-"]
[White "buzzardhawk"]
[Black "marble"]
[Result "0-1"]
[WhiteCountry "ENG"]
[BlackCountry "ENG"]
[WhiteElo "1371"]
[WhiteRD "86"]
[BlackElo "1635"]
[BlackRD "63"]
[GameID "66204"]

1. e4 e5 2. Nf3 Nc6 3. d4 exd4 4. Nxd4 Nf6 5. Nc3 Bb4 6. a3 Ba5 7. Nxc6 bxc6 8. b4 Bb6 9. e5 Nd5 10. Nxd5 cxd5
11. Qxd5 c6 12. Qf3 O-O 13. b5 Re8 14. Bb2 Bb7 15. Qg3 cxb5 16. e6 Rxe6+ 17. Be2 Rg6 18. Qc3 Qg5 19. Bf3 Re8+ 20. Kf1 Bxf3
21. Qxf3 Qd2 22. Rc1 Bd4 23. Rd1 Rge6
0-1

[Event "*FAST* tourney"]
[Site "SchemingMind.com"]
[Date "2006.09.02"]
[Round "-"]
[White "Diomedes"]
[Black "cnbcad"]
[Result "1-0"]
[WhiteCountry "USA"]
[BlackCountry "USA"]
[WhiteElo "2009"]
[WhiteRD "93"]
[BlackElo "1329"]
[BlackRD "71"]
[GameID "66309"]

1. e4 d5 2. exd5 Nf6 3. Bb5+ Bd7 4. Bc4 Bf5 5. Nc3 a6 6. d3 b5 7. Bb3 b4 8. Ne4 Nxd5 9. Nf3 Nf6 10. Ne5 Be6
11. Bxe6 fxe6 12. Nxf6+ exf6 13. Qh5+ g6 14. Nxg6 Rg8 15. Ne5+ Ke7 16. Qf7+
1-0

[Event "*FAST* tourney"]
[Site "SchemingMind.com"]
[Date "2006.09.02"]
[Round "-"]
[White "Diomedes"]
[Black "marble"]
[Result "1-0"]
[WhiteCountry "USA"]
[BlackCountry "ENG"]
[WhiteElo "2009"]
[WhiteRD "93"]
[BlackElo "1635"]
[BlackRD "63"]
[GameID "66310"]

1. e4 e5 2. Nf3 Nc6 3. Bc4 Nf6 4. d4 exd4 5. O-O Bc5 6. e5 d5 7. Bb5 Nd7 8. c3 dxc3 9. Nxc3 a6 10. Bxc6 bxc6
11. Bg5 Be7 12. Bxe7 Qxe7 13. Nd4 Bb7 14. e6 Nc5 15. exf7+ Qxf7 16. Re1+ Kf8 17. Na4 Ne4 18. f3 c5 19. fxe4 cxd4 20. Rf1 Qxf1+
21. Qxf1+ Ke7 22. Qf4 Rac8 23. Nc5
1-0

[Event "*FAST* tourney"]
[Site "SchemingMind.com"]
[Date "2006.09.02"]
[Round "-"]
[White "Diomedes"]
[Black "Mitchell-in"]
[Result "1-0"]
[WhiteCountry "USA"]
[BlackCountry "ENG"]
[WhiteElo "2009"]
[WhiteRD "93"]
[BlackElo "1592"]
[BlackRD "65"]
[GameID "66311"]

1. e4 c5 2. c3 Nf6 3. e5 Nd5 4. d4 cxd4 5. cxd4 Nc6 6. Nc3 Nxc3 7. bxc3 d6 8. Nf3 dxe5 9. d5 Nb8 10. Nxe5 Nd7
11. Bb5 a6 12. Qf3 f6 13. Qh5+ g6 14. Nxg6 hxg6 15. Qxg6#
1-0

[Event "*FAST* tourney"]
[Site "SchemingMind.com"]
[Date "2006.09.02"]
[Round "-"]
[White "Diomedes"]
[Black "TheRa7en"]
[Result "1-0"]
[WhiteCountry "USA"]
[BlackCountry "AUS"]
[WhiteElo "2009"]
[WhiteRD "93"]
[BlackElo "1312"]
[BlackRD "61"]
[GameID "66312"]

1. e4 c5 2. Nf3 e6 3. b3 d5 4. exd5 exd5 5. Bb2 Be7 6. Bxg7 Bf6 7. Bb5+ Bd7 8. Qe2+ Ne7 9. Bxf6 Rg8 10. Nc3 Bxb5
11. Qxb5+ Nd7 12. Nxd5 a6 13. Qa4 Rg6 14. Bxe7 Re6+ 15. Kf1 Rxe7 16. Nxe7 b5 17. Qe4 Kf8 18. Re1 Nf6 19. Qf4 Ra7 20. Qxf6 Rxe7
21. Qh8#
1-0

[Event "*FAST* tourney"]
[Site "SchemingMind.com"]
[Date "2006.09.02"]
[Round "-"]
[White "Diomedes"]
[Black "buzzardhawk"]
[Result "1-0"]
[WhiteCountry "USA"]
[BlackCountry "ENG"]
[WhiteElo "2009"]
[WhiteRD "93"]
[BlackElo "1371"]
[BlackRD "86"]
[GameID "66313"]

1. e4 e5 2. f4 Nc6 3. Nf3 exf4 4. d4 Qf6 5. Nc3 d6 6. Nd5 Qd8 7. Bxf4 Nf6 8. Bd3 Be6 9. Nxf6+ Qxf6 10. Bg5 Qg6
11. d5
1-0

[Event "*FAST* tourney"]
[Site "SchemingMind.com"]
[Date "2006.09.02"]
[Round "-"]
[White "cnbcad"]
[Black "Diomedes"]
[Result "0-1"]
[WhiteCountry "USA"]
[BlackCountry "USA"]
[WhiteElo "1429"]
[WhiteRD "64"]
[BlackElo "2065"]
[BlackRD "85"]
[GameID "66314"]

1. e4 e5 2. Nf3 Nc6 3. Bc4 Be7 4. c3 Nf6 5. d3 O-O 6. O-O d5 7. Bb5 dxe4 8. dxe4 Nxe4 9. Bxc6 bxc6 10. Qxd8 Rxd8
11. Re1 Bf5 12. Nxe5 Bc5 13. b4 Bxf2+ 14. Kf1 Bxe1 15. Kxe1 Re8 16. Bf4 f6 17. Nc4 Nxc3+ 18. Ne3 Nxb1 19. Kf2 Bd3 20. Bxc7 Re6
21. a4 Rae8
0-1

[Event "*FAST* tourney"]
[Site "SchemingMind.com"]
[Date "2006.09.02"]
[Round "-"]
[White "marble"]
[Black "Diomedes"]
[Result "0-1"]
[WhiteCountry "ENG"]
[BlackCountry "USA"]
[WhiteElo "1635"]
[WhiteRD "63"]
[BlackElo "2009"]
[BlackRD "93"]
[GameID "66315"]

1. e4 c6 2. d4 d5 3. Nc3 dxe4 4. Nxe4 Bf5 5. Ng3 Bg6 6. h4 h6 7. Nf3 Nd7 8. h5 Bh7 9. Bd2 e6 10. Bd3 Bxd3
11. cxd3 Ngf6 12. Qb3 Qb6 13. Qc2 Be7 14. Be3 Nd5 15. O-O O-O 16. Ne4 Nxe3 17. fxe3 Rad8 18. Kf2 f5 19. Nc3 c5 20. Na4 Qa6
21. b3 cxd4 22. Nxd4 Bf6 23. Rae1 f4 24. Qc4 Bh4+ 25. Ke2 Bxe1 26. Rxe1 Qa5 27. Qxe6+ Kh8 28. Qd6 fxe3 29. Rd1 Qg5 30. Nf3 Qxg2+
31. Kxe3 Rxf3+
0-1

[Event "*FAST* tourney"]
[Site "SchemingMind.com"]
[Date "2006.09.02"]
[Round "-"]
[White "Mitchell-in"]
[Black "Diomedes"]
[Result "0-1"]
[WhiteCountry "ENG"]
[BlackCountry "USA"]
[WhiteElo "1552"]
[WhiteRD "65"]
[BlackElo "2117"]
[BlackRD "83"]
[GameID "66316"]

1. e4 c5 2. c3 e6 3. d4 d5 4. e5 Nc6 5. Nf3 Qb6 6. Be2 cxd4 7. cxd4 Be7 8. O-O g5 9. Nxg5 Bxg5 10. Bxg5 Qxb2
11. Nd2 Nxd4 12. Rb1 Qxa2 13. Ra1 Qc2 14. Bb5+ Bd7 15. Bxd7+ Kxd7 16. Qxc2 Nxc2 17. Ra2 Nb4 18. Rb2 a5 19. Ra1 Ne7 20. Bxe7 Kxe7
21. Nb3 Rhc8 22. h3 Nd3 23. Re2 a4 24. Nd4 a3 25. Re3 Rc1+ 26. Rxc1 Nxc1 27. Nb3 Nxb3 28. Rxb3 a2
0-1

[Event "*FAST* tourney"]
[Site "SchemingMind.com"]
[Date "2006.09.02"]
[Round "-"]
[White "TheRa7en"]
[Black "Diomedes"]
[Result "0-1"]
[WhiteCountry "AUS"]
[BlackCountry "USA"]
[WhiteElo "1312"]
[WhiteRD "61"]
[BlackElo "2009"]
[BlackRD "93"]
[GameID "66317"]

1. e4 e5 2. Nf3 Nf6 3. Nxe5 d6 4. Nc4 Nxe4 5. Qe2 Qe7 6. b3 d5 7. Nc3 Nxc3 8. dxc3 dxc4 9. Be3 Nc6 10. Qxc4 Qf6
11. O-O-O Ba3+ 12. Kb1 O-O 13. h4 Be6 14. Qa4 Be7 15. Bd4 Nxd4 16. Rxd4 Qxf2 17. Rf4 Qe1+ 18. Kb2 Rfd8 19. Rd4 Rxd4 20. Qxd4 Rd8
21. Qxa7 Rd1 22. Qb8+ Bf8 23. Qxc7 Rb1#
0-1

[Event "*FAST* tourney"]
[Site "SchemingMind.com"]
[Date "2006.09.03"]
[Round "-"]
[White "buzzardhawk"]
[Black "Diomedes"]
[Result "0-1"]
[WhiteCountry "ENG"]
[BlackCountry "USA"]
[WhiteElo "1267"]
[WhiteRD "80"]
[BlackElo "2065"]
[BlackRD "85"]
[GameID "66318"]

1. e4 e5 2. Nf3 d6 3. d4 exd4 4. Qxd4 Nf6 5. e5 Nc6 6. Qa4 dxe5 7. Nxe5 Bb4+ 8. c3 Bd6 9. Nxc6 bxc6 10. Qxc6+ Bd7
11. Qf3 O-O 12. Bf4 Bg4 13. Qe3 Bxf4 14. Qd3 Re8+ 15. Be2 Rxe2+ 16. Qxe2 Bxe2 17. Kxe2 Qd5 18. f3 Re8+ 19. Kf2 Qe6
0-1